Potential of seedling numbers per hill on paddy rice yield ay royal university of agriculture,(សក្តានុពលនៃចំនួនសំណាកសន្ទូងក្នុងមួយគុម្ពលើទិន្នផលស្រូវវស្សានៅសាកលវិទ្យាល័យភូមិន្ធកសិកម្ម). (Record no. 777)

000 -LEADER
fixed length control field 00721nam a22001577a 4500
003 - CONTROL NUMBER IDENTIFIER
control field OSt
005 - DATE AND TIME OF LATEST TRANSACTION
control field 20150918173715.0
008 - FIXED-LENGTH DATA ELEMENTS--GENERAL INFORMATION
fixed length control field 150918b xxu||||| |||| 00| 0 eng d
040 ## - CATALOGING SOURCE
Transcribing agency RUA
082 ## - DEWEY DECIMAL CLASSIFICATION NUMBER
Classification number AGR TEA 2006 BO33 Or.1
100 ## - MAIN ENTRY--PERSONAL NAME
9 (RLIN) 805
Personal name THE,SUYCHHON
245 ## - TITLE STATEMENT
Title Potential of seedling numbers per hill on paddy rice yield ay royal university of agriculture,(សក្តានុពលនៃចំនួនសំណាកសន្ទូងក្នុងមួយគុម្ពលើទិន្នផលស្រូវវស្សានៅសាកលវិទ្យាល័យភូមិន្ធកសិកម្ម).
260 ## - PUBLICATION, DISTRIBUTION, ETC. (IMPRINT)
Place of publication, distribution, etc. phnom phen
Name of publisher, distributor, etc. RUA
Date of publication, distribution, etc. 2006
300 ## - PHYSICAL DESCRIPTION
Extent XII,44p.
Other physical details ill.
Dimensions 29cm.
942 ## - ADDED ENTRY ELEMENTS (KOHA)
Source of classification or shelving scheme
Koha item type AGR
Holdings
Price effective from Date last seen Permanent Location Not for loan Date acquired Source of classification or shelving scheme Koha item type Lost status Withdrawn status Date last checked out Total Checkouts Shelving location Damaged status Barcode Current Location Full call number
2015-09-182015-09-18Library Block B 2015-09-18 AGR    B033 RUA002207Library Block BAGR TEA 2006 BO33 Or.1
2015-09-182019-11-18Library Block B 2015-09-18 AGR  2019-10-181B033 RUA002279Library Block BAGR TEA 2006 BO33 Or.2
2015-09-182018-10-05Library Block B 2015-09-18 AGR  2018-10-021B033 RUA002684Library Block BAGR TEA 2006 BO33 Or.3
មជ្ឈមណ្ឌលឯការនៃសាកលវិទ្យាល័យភូមិន្ទកសិកម្មចំការដូង

Powered by Koha